00458nam a2200121Ia 4500008004100000100002100041245007500062260003700137440001700174650008900191650001500280856004100295171212s9999 xx 000 0 und d aSembera, Richard cSembera, RichardaRephrasing HeideggerbA Companion to 'Being and Time bUniversity of Ottawa Pressc2007 aPhilosophica aHeidegger, Martin, 1889-1976. Sein und Zeit; Ontology; Space and time; Phenomenology aPhilosophy uhttp://jstor.org/stable/j.ctt1ckpcvp